000 00662nam a22002177a 4500
005 20151203143603.0
010 _aENG-114289
020 _c325.00
_a9789350353127
035 _aEN-97821
037 _bDBAD/PUB
082 _a344.41
100 _aKumar, H.L.
245 _aPractical guide to factories act /
_cby H.L. Kumar [and] Gaurav Kumar
250 _a6th ed
260 _aNew Delhi
_bUniversal Law Publishing
_c2013
270 _aC-FF-1A, Dilkhush Industrial Estate, G.T. Karnal Road
_bNew Delhi
_e110033
300 _axxvii,280p.
_c23cm(pbk)
500 _aIncludes index
700 _aGaurav Kumar
942 _2ddc
_cEN
_mKUM
_h344.41
999 _c97766
_d97766